000
00300nam a22001337a 4500
008
181025b xxu||||| |||| 00| 0 eng d
020
_a
9781309073964
041
_a
eng
080
_a
540
100
_a
12
101
_a
KIM
245
_a
EKU Department of Chemistry
_c
Mc Graw Hill
942
_2
udc
_c
BK
999
_c
50897
_d
50897